[Event "Tournoi Skype 021B"]
[Site "Skype"]
[Date "????.??.??"]
[Round "6.28"]
[White "Bacha, Mehdi"]
[Black "Cengiz, Ali Ekber"]
[Result "1/2-1/2"]
[WhiteElo "1177"]
[BlackElo "1213"]
[PlyCount "103"]

1. d4 d5 2. f4 Nc6 3. e3 e6 4. Bd3 Nf6 5. Nf3 Bd6 6. O-O O-O 7. c3 a6 8. Nbd2
h6 9. Ne5 Nd7 10. Nxc6 bxc6 11. Nf3 c5 12. Bc2 f6 13. Qd3 f5 14. Ne5 Nxe5 15.
fxe5 a5 16. exd6 Ba6 17. Qd1 Bxf1 18. Qxf1 cxd6 19. Bd2 a4 20. c4 dxc4 21. Qxc4
cxd4 22. Qxe6+ Rf7 23. exd4 Kf8 24. Bxf5 Re7 25. Qc4 d5 26. Qd3 Qe8 27. Bg6 Qd7
28. Rf1+ Kg8 29. Bh7+ Kh8 30. Bf5 Qd6 31. Bg6 Re6 32. Rf2 Rf8 33. Rxf8+ Qxf8
34. Qf1 Rf6 35. Qe2 Rxg6 36. h3 Qf6 37. Qf2 Qe6 38. b3 Qxh3 39. Kf1 Qd3+ 40.
Ke1 Re6+ 41. Kd1 Rc6 42. Ke1 Re6+ 43. Kd1 Rc6 44. Ke1 Re6+ 45. Kd1 Qb1+ 46. Bc1
Rc6 47. Qd2 axb3 48. axb3 Qxb3+ 49. Ke1 Qb1 50. Kd1 Rxc1+ 51. Qxc1 Qxc1+ 52.
Kxc1 1/2-1/2

[Event "Tournoi Skype 021B"]
[Site "Skype"]
[Date "????.??.??"]
[Round "6.30"]
[White "Chothe, Siddhant"]
[Black "Le Bouill, Pierre"]
[Result "1-0"]
[WhiteElo "1000"]
[BlackElo "1000"]
[PlyCount "49"]

1. e4 d5 2. exd5 Qxd5 3. Nc3 Qe6+ 4. Be2 Nf6 5. h3 g6 6. Nf3 Bg7 7. Ng5 Qc6 8.
Bb5 Bd7 9. Bxc6 Bxc6 10. O-O O-O 11. d3 Nbd7 12. Re1 h6 13. Nge4 Nxe4 14. Nxe4
Nf6 15. Nxf6+ Bxf6 16. Bxh6 Bg7 17. Bxg7 Kxg7 18. Rxe7 Rad8 19. Qg4 Rd6 20.
Rae1 Rfd8 21. Qf4 Bd5 22. Rxc7 Rf6 23. Qd4 g5 24. c4 Bc6 25. Qxd8 1-0

[Event "Tournoi Skype 021B"]
[Site "Skype"]
[Date "????.??.??"]
[Round "6.31"]
[White "Douichi, Mohammed"]
[Black "Tekes, Gamze"]
[Result "1-0"]
[WhiteElo "1255"]
[BlackElo "1055"]
[PlyCount "63"]

1. d4 Nf6 2. Nc3 e6 3. Qd3 Nc6 4. a3 d5 5. Nf3 g6 6. Bg5 Bg7 7. e4 b6 8. e5 Qd7
9. exf6 h6 10. fxg7 hxg5 11. gxh8=Q+ Ke7 12. Nxg5 e5 13. Qe3 Bb7 14. dxe5 Rxh8
15. Bd3 Kd8 16. O-O Ne7 17. Nxf7+ Kc8 18. Nxh8 Bc6 19. e6 Qd8 20. Nf7 Qf8 21.
Ng5 Nf5 22. Bxf5 gxf5 23. e7 Qg8 24. Nf3 a5 25. Qe5 Kb7 26. Qxf5 Ka6 27. Qd3+
b5 28. Ne5 Bb7 29. Qxb5+ Ka7 30. Qxa5+ Kb8 31. Qb5 d4 32. e8=Q+ 1-0

[Event "Tournoi Skype 021B"]
[Site "Skype"]
[Date "????.??.??"]
[Round "6.32"]
[White "Baker, Abi"]
[Black "Marty, Yvette"]
[Result "1-0"]
[WhiteElo "1155"]
[BlackElo "1000"]
[PlyCount "46"]

1. c4 d6 2. Nc3 Nf6 3. e4 e5 4. Nge2 Be7 5. g3 Ng4 6. h3 h6 7. hxg4 Bxg4 8. Qb3
b6 9. Bh3 Bf3 10. Qa4+ Nd7 11. Bxd7+ Qxd7 12. Qxd7+ Kxd7 13. Rh3 g5 14. d3 Rag8
15. Be3 g4 16. Rh5 Rg6 17. d4 exd4 18. Bxd4 Rh7 19. e5 Rg5 20. Rh2 Rh5 21. Rxh5
f6 22. exf6 Bxf6 23. Bxf6 Re7 1-0

[Event "Tournoi Skype 021B"]
[Site "Skype"]
[Date "????.??.??"]
[Round "6.33"]
[White "Mimouni, Driss"]
[Black "Schnell, Nicolas"]
[Result "1-0"]
[WhiteElo "1000"]
[BlackElo "1000"]
[PlyCount "51"]

1. c4 Nc6 2. d4 e6 3. Nf3 Bb4+ 4. Bd2 Qe7 5. a3 Ba5 6. d5 Nd8 7. Bxa5 b6 8. Bb4
d6 9. e4 exd5 10. Qxd5 Nf6 11. Qxa8 O-O 12. Qxc8 Qxe4+ 13. Be2 Ng4 14. Nc3 Qc2
15. Qxg4 Re8 16. Ng5 h6 17. Nge4 Qxb2 18. O-O f6 19. Rab1 Qc2 20. c5 dxc5 21.
Bc4+ Ne6 22. Bxe6+ Kf8 23. Bb3 Qd3 24. Rbd1 Qa6 25. Nxc5 Qc8 26. Nd7# 1-0

[Event "Tournoi Skype 021B"]
[Site "Skype"]
[Date "????.??.??"]
[Round "6.34"]
[White "Berbedes, Jorgelina"]
[Black "Lawton, Tony"]
[Result "1-0"]
[WhiteElo "1000"]
[BlackElo "1000"]
[PlyCount "91"]

1. d4 d5 2. Nf3 e6 3. e3 Nf6 4. Bd3 Nc6 5. a3 Bd6 6. b3 O-O 7. Bb2 Bd7 8. Nbd2
a5 9. Ne5 Bxe5 10. dxe5 Ne8 11. Nf3 f6 12. h4 fxe5 13. Bxh7+ Kxh7 14. Ng5+ Kg8
15. f4 Qf6 16. Qe2 Qg6 17. O-O-O Nf6 18. fxe5 Ne4 19. Rh3 Nxg5 20. hxg5 Rf7 21.
Rdh1 Kf8 22. Rh8+ Ke7 23. Rxa8 Qxg5 24. Rf1 Rxf1+ 25. Qxf1 Be8 26. Rc8 Qxe3+
27. Kb1 Kd7 28. Ra8 b6 29. Qf8 Nd8 30. Qxg7+ Nf7 31. g4 Qg5 32. Qxg5 Nxg5 33.
b4 axb4 34. axb4 Ne4 35. Ra3 Bg6 36. Rh3 Ke7 37. Rh6 Kf7 38. Bc1 Kg7 39. Rh3
Kf7 40. Ra3 Ke7 41. Ra7 Kd7 42. Be3 Kc6 43. b5+ Kxb5 44. Rxc7 Kb4 45. Re7 Bf5
46. gxf5 1-0

[Event "Tournoi Skype 021B"]
[Site "Skype"]
[Date "????.??.??"]
[Round "7.1"]
[White "Vello, Pablo"]
[Black "Calcino, Luis"]
[Result "0-1"]
[WhiteElo "1349"]
[BlackElo "1400"]
[PlyCount "84"]

1. d4 e5 2. dxe5 Nc6 3. Nf3 Qe7 4. Nc3 Nxe5 5. Nd5 Nxf3+ 6. gxf3 Qd8 7. Bg5 f6
8. Bh4 c6 9. Nc3 d5 10. e3 Be6 11. Qd4 Qb6 12. Qxb6 axb6 13. O-O-O Bb4 14. Rd3
Bxc3 15. Rxc3 Rxa2 16. Kb1 Ra8 17. Bg3 Ne7 18. Ra3 Rxa3 19. bxa3 Kd7 20. Kb2 b5
21. c3 Bf5 22. Bg2 h5 23. h4 Rd8 24. e4 Be6 25. f4 dxe4 26. Bxe4 Bd5 27. Rd1
Ke8 28. Bxd5 Rxd5 29. Rxd5 Nxd5 30. Kb3 Ne7 31. c4 bxc4+ 32. Kxc4 Kd7 33. Kc5
Nf5 34. Kb6 Nxg3 35. fxg3 Kd6 36. a4 c5 37. Kxb7 c4 38. a5 c3 39. a6 c2 40. a7
c1=Q 41. a8=Q Qc6+ 42. Kb8 Qxa8+ 0-1

[Event "Tournoi Skype 021B"]
[Site "Skype"]
[Date "????.??.??"]
[Round "7.2"]
[White "Marino, Giuseppe"]
[Black "Levantini, Claudio"]
[Result "1/2-1/2"]
[WhiteElo "1358"]
[BlackElo "1384"]
[PlyCount "47"]

1. e4 e5 2. Nf3 Nc6 3. Bc4 Bc5 4. Nc3 Nf6 5. O-O O-O 6. d3 d6 7. Bg5 h6 8. Bxf6
Qxf6 9. h3 Be6 10. Bxe6 Qxe6 11. Ne2 a6 12. d4 exd4 13. Nexd4 Nxd4 14. Nxd4
Bxd4 15. Qxd4 Rae8 16. f3 f5 17. Rfe1 fxe4 18. Qxe4 Rf6 19. Qxe6+ Rfxe6 20.
Rxe6 Rxe6 21. Kf2 Kf7 22. Re1 c5 23. Rxe6 Kxe6 24. c4 1/2-1/2

[Event "Tournoi Skype 021B"]
[Site "Skype"]
[Date "????.??.??"]
[Round "7.3"]
[White "Couto, Januario"]
[Black "Galani, Mahendra"]
[Result "1/2-1/2"]
[WhiteElo "1485"]
[BlackElo "1433"]
[PlyCount "59"]

1. e4 e5 2. Nf3 d6 3. d4 exd4 4. Nxd4 Nf6 5. Nc3 Qe7 6. Bd3 Nbd7 7. O-O Ne5 8.
Be2 c6 9. Bg5 h6 10. Bh4 Ng6 11. Bg3 Nxe4 12. Nxe4 Qxe4 13. Bf3 Qe7 14. Bh5 Qf6
15. Nb3 Nf4 16. Bf3 Be7 17. Bxf4 Qxf4 18. g3 Qe5 19. Re1 Qxb2 20. Qe2 Qf6 21.
Rad1 d5 22. Rd4 Be6 23. Rf4 Qg5 24. Nd4 O-O 25. h4 Qg6 26. Bh5 Qh7 27. Nxe6
fxe6 28. Qxe6+ Kh8 29. Rxf8+ Bxf8 30. Bg6 1/2-1/2

[Event "Tournoi Skype 021B"]
[Site "Skype"]
[Date "????.??.??"]
[Round "7.4"]
[White "Aceituno, Stebe"]
[Black "K, Muthuraman"]
[Result "0-1"]
[WhiteElo "1419"]
[BlackElo "1379"]
[PlyCount "49"]

1. e4 e5 2. Nf3 Nc6 3. Bc4 Bc5 4. O-O Nf6 5. d3 O-O 6. Bg5 h6 7. Bh4 Be7 8. Nc3
d6 9. h3 Re8 10. a3 Bd7 11. Bxf6 Bxf6 12. Nd5 Be6 13. Ba2 Nb8 14. Nxf6+ Qxf6
15. c3 Nc6 16. d4 exd4 17. c4 d5 18. Nxd4 Nxd4 19. Qxd4 Re7 20. g4 g6 21. a4 a6
22. f4 Rf8 23. f5 gxf5 24. g5 f4 25. Rf2 0-1

[Event "Tournoi Skype 021B"]
[Site "Skype"]
[Date "????.??.??"]
[Round "7.5"]
[White "Cayo, Ana Carolina"]
[Black "Martin, Jean-Claude"]
[Result "0-1"]
[WhiteElo "1000"]
[BlackElo "1402"]
[PlyCount "52"]

1. Nf3 d5 2. d4 Nf6 3. Bg5 Ne4 4. Bf4 c5 5. c3 cxd4 6. cxd4 Qa5+ 7. Nbd2 Nxd2
8. Bxd2 Qb6 9. Qc2 e6 10. Bf4 Nc6 11. a3 Be7 12. e3 O-O 13. Bd3 g6 14. O-O Bf6
15. Ne5 Bxe5 16. dxe5 Bd7 17. Bh6 Rfc8 18. Rac1 Nxe5 19. Qe2 Nxd3 20. Qxd3 Bb5
21. Qd1 Bxf1 22. Qxf1 Qxb2 23. Ra1 Rc2 24. Rb1 Qxa3 25. Qd1 Rac8 26. Rxb7 Rc1
0-1

[Event "Tournoi Skype 021B"]
[Site "Skype"]
[Date "????.??.??"]
[Round "7.6"]
[White "Chavero, Victor"]
[Black "Milanese, Serge"]
[Result "1-0"]
[WhiteElo "1396"]
[BlackElo "1377"]
[PlyCount "41"]

1. d4 Nf6 2. Nf3 d5 3. e3 e6 4. Bd3 Nc6 5. a3 Be7 6. Nbd2 O-O 7. b3 Bd6 8. Bb2
Re8 9. Ne5 Nd7 10. Nxf7 Qf6 11. Nxd6 cxd6 12. Qh5 g6 13. Qg4 e5 14. Qf3 exd4
15. Qxd5+ Kg7 16. Ne4 Qf5 17. Bxd4+ Nxd4 18. Qxd4+ Ne5 19. Nxd6 Qe6 20. Nxe8+
Qxe8 21. f4 1-0

[Event "Tournoi Skype 021B"]
[Site "Skype"]
[Date "????.??.??"]
[Round "7.7"]
[White "Lemoine, Gerard"]
[Black "Malbec, Robert"]
[Result "1-0"]
[WhiteElo "1330"]
[BlackElo "1449"]
[PlyCount "57"]

1. d4 d5 2. c4 Nf6 3. Nc3 a6 4. Nf3 dxc4 5. a4 Bg4 6. e4 Bxf3 7. gxf3 h6 8.
Bxc4 e6 9. Bd3 Bb4 10. Bc2 O-O 11. Qd3 Nc6 12. e5 Qxd4 13. exf6 Qxd3 14. Bxd3
g5 15. O-O Nd4 16. Be4 c6 17. Be3 Rad8 18. f4 Bxc3 19. bxc3 Ne2+ 20. Kh1 Nxc3
21. Bc2 Nd5 22. Bc5 Rfe8 23. fxg5 hxg5 24. Rg1 Nxf6 25. Rxg5+ Kh8 26. Bb6 Rg8
27. Bxd8 Rxg5 28. Bxf6+ Kg8 29. Bxg5 1-0

[Event "Tournoi Skype 021B"]
[Site "Skype"]
[Date "????.??.??"]
[Round "7.8"]
[White "Kruzeniski, Randy"]
[Black "Torres, Vicky"]
[Result "1-0"]
[WhiteElo "1435"]
[BlackElo "1281"]
[PlyCount "89"]

1. d4 Nf6 2. Nf3 d5 3. e3 a6 4. Bd3 Nc6 5. a3 g6 6. c4 Bg7 7. Nc3 e6 8. O-O O-O
9. b4 b6 10. Qc2 Bb7 11. c5 bxc5 12. bxc5 Ne7 13. Rb1 Bc6 14. a4 Nf5 15. g4
Nxg4 16. h3 Ngh6 17. e4 Nh4 18. Nxh4 Qxh4 19. Bxh6 Qxh6 20. exd5 Bxd5 21. Nxd5
exd5 22. Rb7 c6 23. Rc7 Qxh3 24. Qe2 Rfc8 25. Rxc8+ Qxc8 26. Qe3 Qg4+ 27. Kh2
Bxd4 28. Qg3 Qxg3+ 29. fxg3 Bxc5 30. Rf6 Re8 31. Rxc6 a5 32. Rxc5 Re3 33. Rxd5
f5 34. Kg2 h5 35. Kf2 Re7 36. Rxa5 Kh7 37. Ra8 Rd7 38. Ke3 Kh6 39. a5 Kg5 40.
a6 Kg4 41. Rg8 g5 42. Rf8 Kxg3 43. Rxf5 Re7+ 44. Be4 h4 45. Rxg5+ 1-0

[Event "Tournoi Skype 021B"]
[Site "Skype"]
[Date "????.??.??"]
[Round "7.10"]
[White "Yilmazer, Seher"]
[Black "Junqueira, Leonardo De Faria"]
[Result "1-0"]
[WhiteElo "1054"]
[BlackElo "1453"]
[PlyCount "73"]

1. e4 c5 2. Nf3 Nc6 3. d4 cxd4 4. Nxd4 e6 5. Nc3 Bc5 6. Nxc6 bxc6 7. Be2 Nf6 8.
O-O O-O 9. e5 Nd5 10. Ne4 Qb6 11. c4 Nb4 12. a3 Na6 13. b4 Bd4 14. c5 Nxc5 15.
Qxd4 Nxe4 16. Qxe4 f5 17. Qe3 f4 18. Qxb6 axb6 19. Rd1 Rf7 20. Rd4 g5 21. Bb2
b5 22. Rad1 Ra7 23. R4d3 Kf8 24. Bh5 Rg7 25. Bd4 Rb7 26. Bc5+ Kg8 27. g3 h6 28.
Kh1 Kh7 29. gxf4 gxf4 30. h4 Rb8 31. Bf8 Rg8 32. Rxd7+ Bxd7 33. Rxd7+ Kh8 34.
Be7 Rgc8 35. Bf6+ Kg8 36. Rg7+ Kf8 37. Rh7 1-0

[Event "Tournoi Skype 021B"]
[Site "Skype"]
[Date "????.??.??"]
[Round "7.11"]
[White "De Nobrega, George"]
[Black "Gieschen, Mike"]
[Result "1-0"]
[WhiteElo "1420"]
[BlackElo "1277"]
[PlyCount "69"]

1. e4 c5 2. c4 Nc6 3. Nf3 d6 4. h3 e5 5. Nc3 Nf6 6. d3 Be7 7. Be2 O-O 8. O-O b6
9. b3 Bb7 10. a3 Qd7 11. Nh4 Kh8 12. Nf5 Nd4 13. Nxd4 cxd4 14. Nb1 g6 15. Bh6
Rg8 16. Nd2 Nh5 17. Bg4 Qe8 18. Nf3 Bf8 19. Bxf8 Qxf8 20. Bxh5 gxh5 21. Nh4 Qh6
22. Qf3 Raf8 23. Nf5 Qg5 24. Nxd6 f5 25. Nxb7 fxe4 26. Qxe4 Rf4 27. Qd5 Rh4 28.
Nd6 Qg6 29. Qxe5+ Rg7 30. Qe8+ Qxe8 31. Nxe8 Rg8 32. Nf6 Rg6 33. Ne4 Rf4 34.
Rac1 Rg5 35. Nxg5 1-0

[Event "Tournoi Skype 021B"]
[Site "Skype"]
[Date "????.??.??"]
[Round "7.12"]
[White "Yanez, Leticia Jorgelina"]
[Black "Meaney, Mike"]
[Result "1-0"]
[WhiteElo "1300"]
[BlackElo "1413"]
[PlyCount "97"]

1. e4 e5 2. Nf3 Nc6 3. Bc4 Nf6 4. d4 exd4 5. Nxd4 Nxd4 6. Qxd4 Qe7 7. Bg5 Qxe4+
8. Qe3 Qxe3+ 9. Bxe3 Bd6 10. O-O O-O 11. Re1 Re8 12. Nd2 Ng4 13. Nf3 Nxe3 14.
fxe3 Bc5 15. Kf2 h6 16. Rad1 d6 17. h3 b6 18. Rd5 Bb7 19. Rf5 Re7 20. Nd4 a6
21. c3 b5 22. Bd3 Rae8 23. b4 Bxd4 24. cxd4 c6 25. Rh5 Bc8 26. Kf3 d5 27. g4
Be6 28. Bf5 Bxf5 29. gxf5 f6 30. Rh4 Ra8 31. Rg1 a5 32. Rxh6 Raa7 33. Rxf6 Kh7
34. Rxc6 axb4 35. Rb6 Ra3 36. Re1 Rxa2 37. Rxb5 Rb2 38. Rxd5 b3 39. Rb5 Rf7 40.
e4 Rc7 41. Kf4 Rc3 42. d5 Rbc2 43. Rb1 b2 44. R1xb2 Rc8 45. Rxc2 Rxc2 46. e5
Rc8 47. d6 g6 48. d7 gxf5 49. dxc8=Q 1-0

[Event "Tournoi Skype 021B"]
[Site "Skype"]
[Date "????.??.??"]
[Round "7.13"]
[White "Briere, Jean"]
[Black "Porcabeuf, Jean-Marc"]
[Result "1-0"]
[WhiteElo "1370"]
[BlackElo "1270"]
[PlyCount "47"]

1. e4 e6 2. d4 d5 3. Nc3 c5 4. dxc5 Bxc5 5. exd5 exd5 6. Bb5+ Nc6 7. Qxd5 Qe7+
8. Nge2 Nf6 9. Bxc6+ Kf8 10. Qd3 bxc6 11. O-O g6 12. Re1 Kg7 13. Bg5 Bf5 14.
Qf3 Qc7 15. Bxf6+ Kxf6 16. Ne4+ Kg7 17. Nxc5 Rhe8 18. Qc3+ Kh6 19. Nd4 Re7 20.
Nxf5+ gxf5 21. Qf6+ Kh5 22. Rxe7 Qf4 23. Qxf7+ Kg5 24. Ne6+ 1-0

[Event "Tournoi Skype 021B"]
[Site "Skype"]
[Date "????.??.??"]
[Round "7.15"]
[White "Bustos, Ricardo"]
[Black "Sanchez Padilla, Armando Edilber"]
[Result "0-1"]
[WhiteElo "1319"]
[BlackElo "1240"]
[PlyCount "59"]

1. d4 Nf6 2. c4 d5 3. Nc3 c6 4. Nf3 Bf5 5. e3 dxc4 6. Bxc4 e6 7. O-O Be7 8. Nh4
Bg4 9. Be2 Bxe2 10. Qxe2 Nd5 11. Nf3 O-O 12. Nxd5 cxd5 13. Bd2 Nc6 14. Rac1 a6
15. a3 Qb6 16. b4 Bf6 17. Rfe1 Rfe8 18. e4 Nxd4 19. Nxd4 Qxd4 20. Bc3 Qxe4 21.
Qb2 Qf4 22. g3 Qh6 23. Bxf6 gxf6 24. Rc7 Qg6 25. Rxb7 e5 26. Rb6 d4 27. b5 axb5
28. Qxb5 d3 29. Rd1 e4 30. Rd6 0-1

[Event "Tournoi Skype 021B"]
[Site "Skype"]
[Date "????.??.??"]
[Round "7.16"]
[White "Lecluyse, Koenraad"]
[Black "Munoz Gonzalez, Martin"]
[Result "1-0"]
[WhiteElo "1188"]
[BlackElo "1451"]
[PlyCount "69"]

1. d4 c6 2. e4 d5 3. exd5 cxd5 4. Nc3 Nf6 5. Bb5+ Bd7 6. Bxd7+ Qxd7 7. Nf3 Nc6
8. O-O e6 9. Qd3 Be7 10. Bg5 Rd8 11. Ne2 Ne4 12. Bxe7 Qxe7 13. c3 O-O 14. Nf4
Qf6 15. Nh3 a6 16. Qe3 Ne7 17. Nfg5 Nxg5 18. Qxg5 Qxg5 19. Nxg5 Rc8 20. Rfe1 h6
21. Nh3 Nf5 22. Nf4 Rfe8 23. g4 Nd6 24. h4 Nc4 25. Rab1 b5 26. a3 Nd2 27. Rbc1
Nf3+ 28. Kh1 Nxe1 29. Rxe1 a5 30. Nh5 b4 31. Rg1 Kh7 32. g5 hxg5 33. Rxg5 Rg8
34. Nf4 bxc3 35. Rh5# 1-0

[Event "Tournoi Skype 021B"]
[Site "Skype"]
[Date "????.??.??"]
[Round "7.17"]
[White "Amato, Ludovica"]
[Black "Escudero Ocana, Francisco"]
[Result "1/2-1/2"]
[WhiteElo "1261"]
[BlackElo "1385"]
[PlyCount "47"]

1. e4 e5 2. Nf3 d6 3. d4 exd4 4. Nxd4 c5 5. Nf3 Nf6 6. Nc3 Bg4 7. h3 Bxf3 8.
Qxf3 Nc6 9. Bf4 Nd4 10. Qd3 Qa5 11. O-O-O Be7 12. Qc4 Qc7 13. Nd5 Qd7 14. Nxe7
Qxe7 15. c3 Nc6 16. Bxd6 Qxe4 17. Qxe4+ Nxe4 18. Re1 Kd7 19. Rxe4 Kxd6 20. Bc4
f6 21. Rd1+ Kc7 22. Bb3 Rhe8 23. Rxe8 Rxe8 24. Bc2 1/2-1/2

[Event "Tournoi Skype 021B"]
[Site "Skype"]
[Date "????.??.??"]
[Round "7.18"]
[White "Bhandari, Dattatrey"]
[Black "Moumtaz, Abderrahim"]
[Result "1-0"]
[WhiteElo "1316"]
[BlackElo "1191"]
[PlyCount "43"]

1. e4 e5 2. Nf3 Nc6 3. Bc4 Bc5 4. d4 Bb6 5. Ng5 Nh6 6. Qf3 Qe7 7. Nh3 Nxd4 8.
Qd3 Qf6 9. Be3 Ng4 10. Na3 d6 11. O-O-O Nxe3 12. fxe3 Bxh3 13. Rhf1 Qh6 14.
gxh3 Ne6 15. Bxe6 fxe6 16. Nc4 Qxh3 17. Nxb6 axb6 18. Qb5+ Kd8 19. Rf7 Qxe3+
20. Kb1 Kc8 21. Qd7+ Kb8 22. Qxc7+ 1-0

[Event "Tournoi Skype 021B"]
[Site "Skype"]
[Date "????.??.??"]
[Round "7.19"]
[White "Scata, Laura"]
[Black "Bouffard, Georges"]
[Result "0-1"]
[WhiteElo "1191"]
[BlackElo "1314"]
[PlyCount "116"]

1. e4 d6 2. d4 c6 3. Nf3 Bg4 4. Be2 Nf6 5. Nc3 Nbd7 6. Be3 Bh5 7. h3 e5 8. d5
c5 9. Nb5 a6 10. Nc3 Be7 11. a3 Bg6 12. Nh4 Nxe4 13. Nxg6 hxg6 14. Nxe4 Nf8 15.
Qd2 f6 16. c4 Qb6 17. b4 Nd7 18. Rb1 Qc7 19. O-O b6 20. b5 a5 21. f4 f5 22. Ng5
Bxg5 23. fxg5 O-O-O 24. Rb2 Nf8 25. Qc3 Re8 26. Rd1 Re7 27. Bf2 Nd7 28. Bg3 f4
29. Bxf4 exf4 30. Bd3 Ne5 31. Re1 Rhe8 32. Rbe2 Nxd3 33. Qxd3 Re5 34. Rxe5 Rxe5
35. Rxe5 dxe5 36. Qxg6 f3 37. gxf3 Qd7 38. h4 Kb7 39. Qe6 Qxe6 40. dxe6 Kc7 41.
g6 Kd6 42. Kf2 Kxe6 43. Kg3 Kf5 44. h5 Kg5 45. f4+ exf4+ 46. Kf3 Kxh5 47. Kxf4
Kxg6 48. Ke5 Kh6 49. Kf5 g6+ 50. Kg4 g5 51. Kg3 Kh5 52. Kg2 Kg4 53. Kf2 Kf4 54.
Kg2 g4 55. Kh2 g3+ 56. Kg1 Kf3 57. a4 g2 58. Kh2 Kf2 0-1

[Event "Tournoi Skype 021B"]
[Site "Skype"]
[Date "????.??.??"]
[Round "7.20"]
[White "Ruiz Gomez, Luz Alba"]
[Black "Almiron, Patricia"]
[Result "0-1"]
[WhiteElo "1292"]
[BlackElo "1000"]
[PlyCount "70"]

1. d4 Nf6 2. Nf3 g6 3. Bf4 Bg7 4. e3 O-O 5. c4 d5 6. Nc3 e6 7. Be2 Nh5 8. Be5
f6 9. Bg3 Rf7 10. O-O Nc6 11. c5 Nxg3 12. hxg3 f5 13. a3 g5 14. Nh2 g4 15. b4
a6 16. b5 axb5 17. Bxb5 Bd7 18. Bxc6 Bxc6 19. f3 Bh6 20. Re1 gxf3 21. Nxf3 Bg7
22. Qb3 b6 23. cxb6 cxb6 24. Rec1 Qe8 25. Qxb6 Rb7 26. Qc5 Bf8 27. Qxc6 Qxc6
28. Ne4 Qa6 29. Nf6+ Kh8 30. Kf2 Rb2+ 31. Kg1 Qe2 32. Nh4 Qxe3+ 33. Kh2 Qxd4
34. Nd7 Bd6 35. Rd1 Qxh4+ 0-1

[Event "Tournoi Skype 021B"]
[Site "Skype"]
[Date "????.??.??"]
[Round "7.21"]
[White "Alverson, Ginny"]
[Black "Battaglia, Gabriele"]
[Result "1-0"]
[WhiteElo "1086"]
[BlackElo "1284"]
[PlyCount "109"]

1. Nf3 d5 2. d4 Nf6 3. Nbd2 Bg4 4. Ne5 Bf5 5. e3 Nbd7 6. Nxd7 Qxd7 7. Bd3 Bg4
8. Nf3 e6 9. O-O Bd6 10. h3 Bh5 11. Qe2 O-O 12. Bb5 c6 13. Bd3 Rfe8 14. c4 Re7
15. c5 Bc7 16. Bd2 b6 17. Bb4 bxc5 18. Bxc5 Bd6 19. Bxd6 Qxd6 20. Qc2 Bxf3 21.
gxf3 Rc8 22. Rac1 c5 23. dxc5 Rxc5 24. Qxc5 Qxc5 25. Rxc5 g6 26. Rc8+ Kg7 27.
Rfc1 Ne8 28. Bb5 Kf8 29. Bxe8 Rxe8 30. R1c7 e5 31. Rxe8+ Kxe8 32. Rc8+ Ke7 33.
Rc7+ Ke6 34. Rxa7 d4 35. Ra6+ Kd5 36. exd4 exd4 37. Ra5+ Kc4 38. b3+ Kc3 39.
Rc5+ Kd3 40. Rd5 f5 41. f4 Ke4 42. Re5+ Kxf4 43. Rd5 Ke4 44. Rc5 h5 45. Rc4 g5
46. Kg2 g4 47. hxg4 hxg4 48. Kg3 Kd3 49. a4 Ke4 50. a5 Kd5 51. a6 d3 52. a7 d2
53. a8=Q+ Ke5 54. Qa5+ Ke6 55. Qxd2 1-0

[Event "Tournoi Skype 021B"]
[Site "Skype"]
[Date "????.??.??"]
[Round "7.22"]
[White "Hernandez Lopez, Joaquin"]
[Black "Rangasamy, Jayaprakash"]
[Result "1-0"]
[WhiteElo "1263"]
[BlackElo "1000"]
[PlyCount "49"]

1. e4 e5 2. Nf3 Nc6 3. Bc4 Bc5 4. d3 h6 5. Be3 Bb6 6. Nbd2 Nf6 7. h3 O-O 8. O-O
d6 9. c3 Ne7 10. Nh4 d5 11. Bb3 dxe4 12. Nxe4 Nxe4 13. dxe4 Be6 14. Qf3 Nc6 15.
Nf5 Bxe3 16. fxe3 Qg5 17. g4 g6 18. h4 Qd8 19. Rad1 Qe8 20. Nxh6+ Kg7 21. g5
Qe7 22. Ng4 Bxb3 23. axb3 Qe6 24. Qf6+ Qxf6 25. Nxf6 1-0

[Event "Tournoi Skype 021B"]
[Site "Skype"]
[Date "????.??.??"]
[Round "7.23"]
[White "Gerbaux, Regis"]
[Black "Bacha, Mehdi"]
[Result "1-0"]
[WhiteElo "1462"]
[BlackElo "1177"]
[PlyCount "41"]

1. e4 d5 2. exd5 Qxd5 3. Nc3 Qa5 4. Bc4 Nf6 5. Nf3 c6 6. O-O Bg4 7. h3 Bxf3 8.
Qxf3 e6 9. Re1 Be7 10. d4 O-O 11. Bd2 Nbd7 12. Qd3 Qb6 13. Be3 Qxb2 14. Rab1
Qa3 15. Rxb7 Rfd8 16. Bc1 Qd6 17. Ne4 Nxe4 18. Qxe4 Nb6 19. Bd3 Rdb8 20. Qxh7+
Kf8 21. Qh8# 1-0

[Event "Tournoi Skype 021B"]
[Site "Skype"]
[Date "????.??.??"]
[Round "7.24"]
[White "Cengiz, Ali Ekber"]
[Black "Hargez, Dany"]
[Result "1/2-1/2"]
[WhiteElo "1213"]
[BlackElo "1460"]
[PlyCount "112"]

1. e4 e5 2. Nf3 Nf6 3. Nxe5 d5 4. Bb5+ c6 5. Be2 Nxe4 6. d3 Nf6 7. c3 d4 8.
cxd4 Qxd4 9. Nf3 Bb4+ 10. Nbd2 Bxd2+ 11. Nxd2 O-O 12. Nf3 Qb6 13. b3 Be6 14.
Be3 c5 15. Rc1 Nbd7 16. Ne5 Nd5 17. Nxd7 Bxd7 18. Bxc5 Qa5+ 19. b4 Nxb4 20.
Bxf8 Nxa2+ 21. Kf1 Nxc1 22. Qxc1 Rxf8 23. f3 Bc6 24. Kf2 Qb6+ 25. Ke1 Rc8 26.
Kd2 Bd7 27. Qa1 Qb4+ 28. Ke3 Qc5+ 29. d4 Re8+ 30. Kf2 Qe7 31. Re1 Qe3+ 32. Kf1
a6 33. Bc4 Qxe1+ 34. Qxe1 Rxe1+ 35. Kxe1 b5 36. Bd3 a5 37. Kd1 b4 38. Kc1 g6
39. d5 Kf8 40. g4 Ke7 41. f4 Bxg4 42. h4 Kd6 43. Kb2 a4 44. Bb5 Bd7 45. Be2
Kxd5 46. h5 gxh5 47. Bxh5 Bf5 48. Bxf7+ Kc5 49. Be8 a3+ 50. Ka2 Be6+ 51. Ka1
Kc4 52. Bh5 Kc3 53. Bd1 a2 54. Bc2 b3 55. Bxb3 Kxb3 56. f5 Bxf5 1/2-1/2

[Event "Tournoi Skype 021B"]
[Site "Skype"]
[Date "????.??.??"]
[Round "7.25"]
[White "Mhabdi, Mahesh"]
[Black "Vincent, Andre"]
[Result "0-1"]
[WhiteElo "1000"]
[BlackElo "1274"]
[PlyCount "124"]

1. e4 c5 2. Nc3 Nc6 3. Nf3 d6 4. a3 Bg4 5. Bc4 Nf6 6. d3 e6 7. h3 Bh5 8. Bf4
Be7 9. Qe2 O-O 10. O-O-O Nd4 11. Qe3 Bxf3 12. gxf3 Nh5 13. Rhg1 Nxf4 14. Qxf4
Kh8 15. Qg4 Bf6 16. f4 g6 17. Rde1 h5 18. Qg2 Nc6 19. h4 Bxh4 20. Bxe6 fxe6 21.
Qxg6 Qe7 22. Qh6+ Qh7 23. Rg6 Qxh6 24. Rxh6+ Kg7 25. Rxh5 Bxf2 26. Reh1 Rh8 27.
Rg5+ Kf7 28. Rf1 Be3+ 29. Kb1 Rag8 30. Rxg8 Rxg8 31. Nd1 Bg1 32. f5 e5 33. c3
b5 34. Kc2 a5 35. b3 Rg2+ 36. Kb1 b4 37. axb4 axb4 38. d4 exd4 39. cxd4 Nxd4
40. Rf4 Nxb3 41. e5 dxe5 42. Rc4 Bd4 43. Rxd4 cxd4 44. f6 Nd2+ 45. Kc2 Nf3+ 46.
Kb3 Kxf6 47. Kxb4 d3 48. Kc3 Rh2 49. Kxd3 Rd2+ 50. Ke3 Rxd1 51. Kxf3 Kf5 52.
Ke2 Rd6 53. Ke3 e4 54. Kf2 Kf4 55. Ke2 e3 56. Ke1 Kf3 57. Kf1 Rd2 58. Ke1 Rd3
59. Kf1 Ra3 60. Kg1 e2 61. Kh2 e1=Q 62. Kh3 Qg3# 0-1

[Event "Tournoi Skype 021B"]
[Site "Skype"]
[Date "????.??.??"]
[Round "7.27"]
[White "Vervoort, Jean-Louis"]
[Black "Borg, Anthony"]
[Result "0-1"]
[WhiteElo "1395"]
[BlackElo "1222"]
[PlyCount "60"]

1. d4 d5 2. c4 Nf6 3. Nc3 e6 4. Nf3 c5 5. Bg5 cxd4 6. Qxd4 Nbd7 7. cxd5 Bc5 8.
Qd3 Bxf2+ 9. Kxf2 Qb6+ 10. Be3 Qxb2 11. Rb1 Qa3 12. Rb3 Qe7 13. Bg5 Nc5 14. Qc2
Nxb3 15. Qxb3 Qc5+ 16. e3 O-O 17. Bxf6 gxf6 18. Bc4 b6 19. Ne4 Qe7 20. Rd1 Bb7
21. Qc3 Kg7 22. Neg5 exd5 23. Bxd5 Bxd5 24. Rxd5 Rac8 25. Qd4 Rfd8 26. e4 Rc2+
27. Kg3 Qc7+ 28. Kh3 Qc8+ 29. g4 h5 30. Rxd8 Qxg4# 0-1

[Event "Tournoi Skype 021B"]
[Site "Skype"]
[Date "????.??.??"]
[Round "7.28"]
[White "Bucherie, Volcy"]
[Black "Farfallini, Michel"]
[Result "1-0"]
[WhiteElo "1191"]
[BlackElo "1305"]
[PlyCount "29"]

1. d4 d5 2. c4 e6 3. Nc3 Nf6 4. g3 c6 5. Bg2 Bb4 6. Qb3 Ba5 7. Nf3 O-O 8. O-O
Re8 9. Bf4 Bc7 10. Bxc7 Qxc7 11. Ne5 Nbd7 12. Rad1 Nxe5 13. dxe5 Qxe5 14. f4
Qxe2 15. Nxe2 1-0